Are fears about GM crops justified? The NFU view (Record no. 57444)
[ view plain ]
| 000 -LEADER | |
|---|---|
| fixed length control field | 00864cab a2200241 4500 |
| 001 - CONTROL NUMBER | |
| control field | ABS60045 |
| 008 - FIXED-LENGTH DATA ELEMENTS--GENERAL INFORMATION | |
| fixed length control field | 090401t1999 xxu||||| |||| 00| 0 eng d |
| 035 ## - SYSTEM CONTROL NUMBER | |
| System control number | (Sirsi) u90585 |
| 041 ## - LANGUAGE CODE | |
| Language code of text/sound track or separate title | eng |
| 100 ## - MAIN ENTRY--PERSONAL NAME | |
| Personal name | Barber, V. |
| 245 ## - TITLE STATEMENT | |
| Title | Are fears about GM crops justified? The NFU view |
| 260 ## - PUBLICATION, DISTRIBUTION, ETC. | |
| Date of publication, distribution, etc. | 1999 |
| 350 ## - PRICE (NR) (BK AM CF MU VM SE) [OBSOLETE] | |
| Price | 0 |
| 490 ## - SERIES STATEMENT | |
| Series statement | CSM |
| -- | Chartered Surveyor Monthly |
| Volume/sequential designation | 8(5) January 1999, 56-57(2) |
| 520 ## - SUMMARY, ETC. | |
| Summary, etc. | Dicussion which exposes the need for organic farmers to be protected if GM crops are to be grown commercially in the UK. Reviews developments and implications of growing GM crops. Includes information on the NFU code of practice and policy recommendations. |
| 650 ## - SUBJECT ADDED ENTRY--TOPICAL TERM | |
| Topical term or geographic name entry element | CODES OF PRACTICE |
| 650 ## - SUBJECT ADDED ENTRY--TOPICAL TERM | |
| Topical term or geographic name entry element | GENETICALLY MODIFIED CROPS |
| 650 ## - SUBJECT ADDED ENTRY--TOPICAL TERM | |
| Topical term or geographic name entry element | NFU |
| 650 ## - SUBJECT ADDED ENTRY--TOPICAL TERM | |
| Topical term or geographic name entry element | ORGANIC FARMS |
| 690 ## - LOCAL SUBJECT ADDED ENTRY--TOPICAL TERM (OCLC, RLIN) | |
| Topical term or geographic name as entry element | RURAL PRACTICE |
| 942 ## - ADDED ENTRY ELEMENTS (KOHA) | |
| Suppress in OPAC | 0 |
| 948 ## - LOCAL PROCESSING INFORMATION (OCLC); SERIES PART DESIGNATOR (RLIN) | |
| c (OCLC) | 08/01/1999 |
| Withdrawn status | Lost status | Source of classification or shelving scheme | Damaged status | Not for loan | Home library | Current library | Shelving location | Date acquired | Total Checkouts | Full call number | Barcode | Date last seen | Copy number | Price effective from | Koha item type |
|---|---|---|---|---|---|---|---|---|---|---|---|---|---|---|---|
| Dewey Decimal Classification | London | London | Journal article | 14/09/1999 | ABS60045 | 90585-1001 | 06/08/2019 | 1 | 06/08/2019 | Journal article |